Statistics for What is the country #3

Click here to take the quiz!

General Stats

  • This quiz has been taken 22 times
  • The average score is 11 of 15

Answer Stats

Answer% Correct
Brazil
100%
India
100%
United Kingdom
100%
United States
100%
Japan
91%
South Korea
91%
Greece
82%
Spain
82%
Egypt
77%
Qatar
59%
Qatar
50%
Malta
41%
Yemen
36%
United States
32%
United States
18%

Score Distribution

Percentile by Number Answered

Percent of People with Each Score

Your Score History

You have not taken this quiz